<?xml version="1.0" encoding="UTF-8"?><?xml-stylesheet type="text/xsl" href="static/style.xsl"?><OAI-PMH xmlns="http://www.openarchives.org/OAI/2.0/" xmlns:xsi="http://www.w3.org/2001/XMLSchema-instance" xsi:schemaLocation="http://www.openarchives.org/OAI/2.0/ http://www.openarchives.org/OAI/2.0/OAI-PMH.xsd"><responseDate>2026-06-05T17:19:47Z</responseDate><request verb="GetRecord" identifier="oai:riuma.uma.es:10630/26216" metadataPrefix="marc">https://riuma.uma.es/rest/oai/request</request><GetRecord><record><header><identifier>oai:riuma.uma.es:10630/26216</identifier><datestamp>2026-02-03T11:37:43Z</datestamp><setSpec>com_10630_2254</setSpec><setSpec>col_10630_37960</setSpec></header><metadata><record xmlns="http://www.loc.gov/MARC21/slim" xmlns:dcterms="http://purl.org/dc/terms/" xmlns:doc="http://www.lyncode.com/xoai" xmlns:xsi="http://www.w3.org/2001/XMLSchema-instance" xsi:schemaLocation="http://www.loc.gov/MARC21/slim http://www.loc.gov/standards/marcxml/schema/MARC21slim.xsd">
   <leader>00925njm 22002777a 4500</leader>
   <datafield ind2=" " ind1=" " tag="042">
      <subfield code="a">dc</subfield>
   </datafield>
   <datafield ind2=" " ind1=" " tag="720">
      <subfield code="a">Aguilar Hernández, Luis</subfield>
      <subfield code="e">author</subfield>
   </datafield>
   <datafield ind2=" " ind1=" " tag="720">
      <subfield code="a">Calvo García, Guadalupe</subfield>
      <subfield code="e">author</subfield>
   </datafield>
   <datafield ind2=" " ind1=" " tag="720">
      <subfield code="a">Egea, Álex</subfield>
      <subfield code="e">author</subfield>
   </datafield>
   <datafield ind2=" " ind1=" " tag="720">
      <subfield code="a">García Gómez, Teresa</subfield>
      <subfield code="e">author</subfield>
   </datafield>
   <datafield ind2=" " ind1=" " tag="720">
      <subfield code="a">García Medina, Raúl</subfield>
      <subfield code="e">author</subfield>
   </datafield>
   <datafield ind2=" " ind1=" " tag="720">
      <subfield code="a">Gómez Dobrott, Michael</subfield>
      <subfield code="e">author</subfield>
   </datafield>
   <datafield ind2=" " ind1=" " tag="720">
      <subfield code="a">Martín-Alonso, Diego</subfield>
      <subfield code="e">author</subfield>
   </datafield>
   <datafield ind2=" " ind1=" " tag="720">
      <subfield code="a">Marrero Acosta, Javier</subfield>
      <subfield code="e">author</subfield>
   </datafield>
   <datafield ind2=" " ind1=" " tag="720">
      <subfield code="a">Penna Tosso, Melani</subfield>
      <subfield code="e">author</subfield>
   </datafield>
   <datafield ind2=" " ind1=" " tag="720">
      <subfield code="a">Prats, Enric</subfield>
      <subfield code="e">author</subfield>
   </datafield>
   <datafield ind2=" " ind1=" " tag="720">
      <subfield code="a">Rivas Guzmán, Karine</subfield>
      <subfield code="e">author</subfield>
   </datafield>
   <datafield ind2=" " ind1=" " tag="720">
      <subfield code="a">Rodríguez Martínez, Carmen</subfield>
      <subfield code="e">author</subfield>
   </datafield>
   <datafield ind2=" " ind1=" " tag="720">
      <subfield code="a">Sánchez Sáinz, Mercedes</subfield>
      <subfield code="e">author</subfield>
   </datafield>
   <datafield ind2=" " ind1=" " tag="720">
      <subfield code="a">Santos Vega, José Diego</subfield>
      <subfield code="e">author</subfield>
   </datafield>
   <datafield ind2=" " ind1=" " tag="720">
      <subfield code="a">Sousa Alonso, Juan José</subfield>
      <subfield code="e">author</subfield>
   </datafield>
   <datafield ind2=" " ind1=" " tag="720">
      <subfield code="a">Vega Navarro, Ana</subfield>
      <subfield code="e">author</subfield>
   </datafield>
   <datafield ind2=" " ind1=" " tag="720">
      <subfield code="a">Vázquez-Recio, Rosa</subfield>
      <subfield code="e">author</subfield>
   </datafield>
   <datafield ind2=" " ind1=" " tag="260">
      <subfield code="c">2023-03-30</subfield>
   </datafield>
   <datafield ind2=" " ind1=" " tag="520">
      <subfield code="a">Se han realizado nueve informes documentales: -Análisis documental de la normativa disponible en la legislación nacional y en la legislación de las diferentes Comunidades Autónomas (Andalucía, Canarias, Cataluña, Madrid y Valencia). Tenemos resultados de la investigación en materia de gestión, dirección, organización, currículo y desarrollo profesional docente. Se aprecia una voluntad de cambio con un corpus normativo que ha incorporado el lenguaje de la innovación, la investigación, la flexibilización, la participación, la inclusión, la igualdad, la diversidad, etc. No obstante su desarrollo y su concreción en el articulado no llegan a ser medidas que contribuyan a generar unas organizaciones educativas más inclusivas, unas direcciones de centros con autonomía de gestión para atender a las verdaderas demandas de los contextos particulares con un liderazgo más pedagógico y comunitario, una inspección que conecte con las problemáticas de los centros sin fiscalización y una formación del profesorado (inicial y permanente) que vayan más allá de las competencias a desarrollar para garantizar un rendimiento del alumnado como rendición de cuentas de la calidad de la escuela, y, a su vez, del sistema. También análisis de informes, artículos y documentos sobre la privatización en la educación. Se ha detectado un incremento de la privatización educativa. En particular Andalucía es una de las comunidades en que esta se desarrolla de una forma más impetuosa en los últimos 10 años. Desde 2011 a 2019 se ha producido el cierre de 7458 unidades de infantil, primaria y secundaria, perdiendo 4638 docentes de la enseñanza pública (82% 3en primaria). Se realiza una privatización por diseño, siguiendo el modelo de Madrid, que ya cuenta con un 45% de escuela privada, que amplían la segregación escolar desde 2013 en un 33%. También se va ampliando la privatización por defecto, donde crecen los centros privados en Formación Profesional y en Educación Infantil de 0-3 años.</subfield>
   </datafield>
   <datafield ind1="8" ind2=" " tag="024">
      <subfield code="a">INFORME DE INVESTIGACIÓN</subfield>
   </datafield>
   <datafield ind1="8" ind2=" " tag="024">
      <subfield code="a">https://hdl.handle.net/10630/26216</subfield>
   </datafield>
   <datafield tag="653" ind2=" " ind1=" ">
      <subfield code="a">España - Políticas educativas</subfield>
   </datafield>
   <datafield ind2="0" ind1="0" tag="245">
      <subfield code="a">1) Análisis documental sobre la equidad en el sistema educativo español</subfield>
   </datafield>
</record>
</metadata></record></GetRecord></OAI-PMH>